| 000 | 00398nam a2200145Ia 4500 | ||
|---|---|---|---|
| 005 | 20260430133744.0 | ||
| 008 | 260429s9999||||xx |||||||||||||| ||und|| | ||
| 020 | _a9789367474204 | ||
| 082 |
_a153.94 _bOBE |
||
| 245 | 0 |
_aObejctive quantitative aptitude : _bfor all competitive examinations / |
|
| 250 | _a3rd ed. | ||
| 260 |
_aAgra : _bOswal Book, _c2025. |
||
| 300 | _a399 p.; pbk | ||
| 942 | _cCU | ||
| 999 |
_c53844 _d53844 |
||